000
00197 a2200097 4500
001
7073
100
_a
Green, J
245
_a
NATO and Europe
260
_a
_b
Faberand faber
_c
090
_c
5843
_d
5843
942
_a
NUST-CAE
_c
M
_c
32315
999
_c
242146
_d
242146